[Event "HCL-B157"]
[Site "www.playchess.de"]
[Date "2001.03.29"]
[Round "13"]
[White "paard"]
[Black "BVLGARI"]
[WhiteElo "1521"]
[BlackElo "681"]
[PlyCount "44"]
[Result "0-1"]

1.e4 e5 {Hello, waar bent U uit?}  2.Nf3 {Hallo ik 
ben van Kortrijk 100 km. van Brussel. en u ?}  d6 
{Ben van Gabrovo, de wereldshoofdstad van humor. 
Bekent?}  3.Bc4 {Nee is mij niet bekend waar heb 
je Nederlands geleerd ?}  Nf6 {alleen... nadien 
een beet in belgie geoefen, door een concerttour}  
4.Nc3 b6 5.Ng5 d5 6.Nxd5 Nxd5 7.Bxd5 Qxg5 8.Qf3 c6 
9.Bxf7+ Kd8 10.d4 Qe7 11.dxe5 Qb4+ 12.c3 Qb5 
13.Bg5+ Be7 14.O-O-O+ Nd7 15.Be6 Bxg5+ 16.Kb1 Kc7 
17.Qf7 Rd8 18.Rd6 Qxe5 19.Rhd1 Qxe4+ 20.Ka1 b5 
21.Bxd7 Be7 22.Bf5 Bxf5 0-1

[Event "HCL-A073"]
[Site "www.playchess.de"]
[Date "2001.03.29"]
[Round "4"]
[White "teenspirit"]
[Black "hominoid"]
[WhiteElo "1755"]
[BlackElo "1426"]
[PlyCount "43"]
[Result "1-0"]

1.d4 {Hi hominoid. Nice to play u}  c5 2.Nf3 Nc6 
3.d5 Na5 4.e4 e6 5.c4 g6 6.Nc3 d6 7.Be2 Bg7 8.O-O 
Nf6 9.h3 exd5 10.cxd5 O-O 11.Bf4 a6 12.a4 Re8 
13.Qc2 Qc7 14.Rad1 Bf8 15.Rfe1 Bd7 16.Bf1 Rab8 
17.e5 Nh5 18.Bh2 Bf5 19.Bd3 Bxd3 20.Qxd3 Qd7 21.g4 
Ng7 22.Ne4 1-0

[Event "HCL-A073"]
[Site "www.playchess.de"]
[Date "2001.03.29"]
[Round "29"]
[White "Roussos"]
[Black "teenspirit"]
[WhiteElo "1700"]
[BlackElo "1755"]
[PlyCount "54"]
[Result "0-1"]

1.Nf3 Nc6 {Hi}  2.e4 {hi  Athens speaking}  f5 
{Barcelona here my friend}  3.e5 {Iam Barcha in 
soccer!!}  d6 {Hey, u saw Barcelona last 
weekend????????}  4.exd6 {No why}  cxd6 {Well... 
FC Barcelona 7- Bilbao 0... I was in the stadium.} 
 5.d4 {here in greece iam olimpiakos!you?}  Nf6 
{Olimpiakos? Giovanni there isnt' he?}  6.Nc3 {oh 
yeah!!!!}  e6 {I love Giovanni's game. Such a pity 
he leaves Barcelona. He was my favourite 
player...}  7.Bd3 {we are the same teems in both 
countries my friend!! I hate REAL and 
PANATHINAIKOS!You?}  d5 {Dont ask me about 
panathinaikos... They stole us The European Cup in 
Paris (Basketball...).}  8.O-O {yes i rember 
that!!}  Bd6 {I felt really bad around that... I 
hate Panathinaikos u see!}  9.h3 {please fuck 
AEK!!!!!}  O-O {Don't worry. We lose this weekend 
so players really wanna revenge it... AEK is 
pretty lost!!!!}  10.Bg5 {i like you!you are my 
friend allready!!}  Qe8 {U my friend too... Madrid 
gonna lose today vs Lazio!!!}  11.Re1 {but that 
penalty i dont know??}  Qh5 {The referee was 
really awful yesterday... And that penalty... 
Munitis till swimming...}  12.Bxf6 {what about 
today STURM GRAZZ-PANATHINAIKOS?tell me skor!}  
Rxf6 {Sturm Graz strong team at home... 2-0}  
13.a3 {but panathinaikos is strong out of home!}  
Qh6 {I think Sturm Graz gonna win anyway. Warzycha 
good striker, but not midfield}  14.Ne2 {but they 
have P.Sousa and Liberopoulos and they have good 
defense!I think 1-1!}  Bd7 {Paulo Sousa is not the 
same as he was... tomorrow we'll see who's got the 
reason!}  15.Qd2 {ok i pray to GOD that they loose 
the game!!}  f4 {Don't worry... Sturm Graz gonna 
win!}  16.Rad1 {YES you are write my friend 
2-0!!!!OKKKK!tell me now todays skor!}  Be8 17.c4 
Bh5 {Yeahjhh Barcelona won!!!!! 0-1. We are the 
best!}  18.c5 {AEK was dead!and Tsartas so!}  Bxf3 
{Im so happy around that... and soon 
Madrid-Barcelona... figo gonna die}  19.gxf3 {figo 
betraeyer!!!!}  Qxh3 {Sturm Graz won again vs 
Panathinaikos... u happy?}  20.cxd6 {oh yeah iam 
happy!!}  Rh6 {Barcelona 5- AEK 0...}  21.Ng3 {yes 
but at the first 15 min AEK had 4 oporttunities to 
skor!}  fxg3 {Not care... they didn't score! 
so...}  22.fxg3 {nothing!we beat them too 1-2 
here!And we play against PANATHINAIKOS at Sunday!} 
 Qxg3+ 23.Qg2 Qxd6 {Well this saturday... 
Madrid-Barcelona... 1-3}  24.Qf2 Rf8 {How are u my 
friend?? lot of work here...}  25.Re3 {fine my 
friend we fuck PANATHINAIKOS at CUP 1-4!!!!}  Rf4 
{Yeah! We gonna win Cup and Uefa this year!}  
26.Kf1 Rxd4 27.Ke2 Rh2 {mmm think u didn't see 
that one... :)}  0-1

[Event "ACL-A092"]
[Site "www.playchess.de"]
[Date "2001.03.29"]
[Round "20"]
[White "Kbeza"]
[Black "plobi"]
[WhiteElo "1500"]
[BlackElo "1308"]
[PlyCount "53"]
[Result "1-0"]

1.d4 d5 2.c4 c6 3.Nc3 Nf6 4.Nf3 e6 5.Bg5 Bb4 6.e3 
Qa5 7.Bxf6 Bxc3+ 8.bxc3 Qxc3+ 9.Nd2 g6 10.Bxh8 
{what happend?}  Nd7 {oh dear, I have typed "g" 
insted of "h" ... now it will be hard for me!!!}  
11.Be5 {are you male or female?}  Nxe5 {as you can 
see on my player-homepage, I am male!!}  12.dxe5 
{sorry, I´m new in the page...}  Qxe5 {no problem 
... but it looks very good for you after my bad 
mistake ...}  13.cxd5 {You can resign  the game, 
no?}  cxd5 {I never resign a game ...}  14.Bb5+ 
{bad for you...}  Kf8 {I don't think so ...}  
15.O-O {jajaja}  a6 16.Nf3 Qd6 17.Bd3 b5 18.Rc1 
Bb7 19.Qb3 Qd7 20.Rc2 Rc8 21.Rfc1 Rxc2 22.Qxc2 Kg7 
23.Qc7 Qxc7 24.Rxc7 Ba8 25.Ne5 Kf6 26.f4 h6 
27.Rxf7+ 1-0

[Event "HCL-C179"]
[Site "www.playchess.de"]
[Date "2001.03.29"]
[Round "20"]
[White "lsoule"]
[Black "urga3"]
[WhiteElo "872"]
[BlackElo "1000"]
[PlyCount "74"]
[Result "0-1"]

1.e4 {Hello from Santa Cruz, California}  d5 
2.exd5 Qxd5 3.Nc3 Qd6 4.Nf3 e5 5.d4 Nc6 6.dxe5 
Qxd1+ 7.Nxd1 Bg4 8.Be2 f6 9.Bf4 O-O-O 10.exf6 Nxf6 
11.O-O Bc5 12.h3 Bf5 13.Ne3 Bxe3 14.Bxe3 Bxc2 
15.a4 Ne4 16.Ng5 Nd2 17.Bg4+ Kb8 18.Bxd2 Rxd2 
19.Rfe1 Rf8 20.Nxh7 Bxh7 21.Re2 Rxe2 22.Bxe2 b6 
23.Bf3 Ne5 24.Be2 Nd3 25.Bxd3 Bxd3 26.g3 Re8 
27.Rc1 Re2 28.b4 Kb7 29.h4 Re4 30.Rc3 Re1+ 31.Kh2 
Rd1 32.a5 Rd2 33.axb6 axb6 34.Kg1 Be4 35.Rc1 Rb2 
36.Rc4 Rb1+ 37.Kh2 Rh1+ 0-1

[Event "HCL-A078"]
[Site "www.playchess.de"]
[Date "2001.03.29"]
[Round "11"]
[White "bondegnasker"]
[Black "chessnut"]
[WhiteElo "1610"]
[BlackElo "2020"]
[PlyCount "46"]
[Result "1/2-1/2"]

1.e4 {Hi!}  e5 {Hello! Nice to meet you!}  2.Nf3 
f5 3.d4 fxe4 4.Nxe5 Nf6 5.Bg5 d6 6.Nc3 dxe5 7.dxe5 
Qxd1+ 8.Rxd1 Bg4 9.exf6 Bxd1 10.Kxd1 Nd7 11.Nxe4 
h6 12.Bf4 O-O-O 13.fxg7 Bxg7 14.Kc1 Rhe8 15.f3 Ne5 
16.Be2 Ng6 17.Bd2 Bxb2+ 18.Kxb2 {oops}  Rxd2 
19.Bb5 Rxe4 20.fxe4 Rxg2 21.Bf1 Rf2 22.Bh3+ Kd8 
23.Rd1+ Ke8 1/2-1/2

[Event "HCL-A081"]
[Site "www.playchess.de"]
[Date "2001.03.29"]
[Round "13"]
[White "teenspirit"]
[Black "jimmyaaa"]
[WhiteElo "1722"]
[BlackElo "1700"]
[PlyCount "36"]
[Result "0-1"]

1.c4 {Hi}  Nf6 2.Nc3 e6 3.g3 d5 4.d4 Be7 5.Nf3 O-O 
6.Bg2 dxc4 7.O-O Nc6 8.e3 Bd6 9.Qa4 e5 10.dxe5 
Nxe5 11.Rd1 Bg4 12.Nxe5 Bxd1 13.Nxf7 Bxa4 14.Nxd8 
Raxd8 15.Nxa4 Bb4 16.Nc3 Bxc3 17.bxc3 Rd1+ 18.Bf1 
Ng4 0-1

[Event "HCL-B184"]
[Site "www.playchess.de"]
[Date "2001.03.29"]
[Round "17"]
[White "Gruhni"]
[Black "Xina"]
[WhiteElo "1320"]
[BlackElo "1200"]
[PlyCount "21"]
[Result "1-0"]

1.e4 {Hello from Frankfurt in Germany!}  e5 {Hi 
from Seattle!}  2.Nf3 d6 3.Bc4 Be6 4.Bxe6 fxe6 
5.d3 h6 6.c3 Qd7 7.Be3 Nf6 8.Nbd2 Nc6 9.d4 O-O-O 
10.Nc4 Nxe4 11.dxe5 1-0

[Event "HCL-C185"]
[Site "www.playchess.de"]
[Date "2001.03.29"]
[Round "27"]
[White "craigsadler"]
[Black "kldr"]
[WhiteElo "552"]
[BlackElo "1646"]
[PlyCount "66"]
[Result "0-1"]

1.e4 e5 {Hi Craig, hope for a good game. Klaus}  
2.Nf3 Nc6 {Where in Canada do you live?}  3.Bc4 {I 
live in Ottawa...the capital.  WHere do you live 
in Germany?}  Nf6 {In Essen, industrial town, 
Ruhrdistrict (river).}  4.Ng5 d5 {not more than 8 
moves and already very difficult.}  5.exd5 {i try 
:)}  Nxd5 {I also try my best.}  6.Nxf7 {:)}  Kxf7 
{Not easy to reject.}  7.Qf3+ Ke6 8.Nc3 Ncb4 {Have 
a nice weekend, Craig.  Klaus}  9.Nxd5 Nxd5 10.O-O 
c6 11.Re1 Qf6 12.Qg4+ Qf5 13.Bxd5+ cxd5 14.Qxf5+ 
Kxf5 {Is there anything like carnival in Ottawa?}  
15.d3 Be6 16.Bd2 Rc8 17.c3 Bd6 18.b4 h5 19.f3 h4 
20.h3 Rhf8 21.Re2 Bc7 22.Rae1 Bd7 23.Kf2 Bb5 
24.g4+ hxg3+ 25.Kxg3 Bxd3 26.R2e3 e4+ 27.Kf2 Bb6 
28.fxe4+ dxe4 29.Kg3 Bxe3 30.Rxe3 Rc6 31.a3 Rg6+ 
32.Kf2 Ke5+ 33.Ke1 Rg1+ 0-1

[Event "HCL-C185"]
[Site "www.playchess.de"]
[Date "2001.03.29"]
[Round "29"]
[White "curator67"]
[Black "Paulus"]
[WhiteElo "1000"]
[BlackElo "1000"]
[PlyCount "22"]
[Result "0-1"]

1.d4 {Hello I hope 4 good game!}  f5 {Good luck}  
2.g3 Nf6 3.Nh3 g6 4.b4 c6 5.Bb2 Qb6 6.a3 a5 7.Bg2 
axb4 8.O-O Bg7 9.e3 d6 10.Qd2 bxa3 11.Nxa3 
Qxb2 0-1

[Event "HCL-B190"]
[Site "www.playchess.de"]
[Date "2001.03.29"]
[Round "12"]
[White "Gruhni"]
[Black "reboot"]
[WhiteElo "1313"]
[BlackElo "1200"]
[PlyCount "43"]
[Result "1-0"]

1.e4 e5 2.Nf3 d6 3.Bc4 Nf6 4.d3 h6 5.Nc3 Bg4 6.h3 
Bh5 7.g4 Bg6 8.Nh4 Bh7 9.Ng2 Be7 10.f4 Nc6 11.Be3 
Qd7 12.f5 d5 13.exd5 Nb4 14.Ne4 Nfxd5 15.Bxd5 Nxd5 
16.Bc5 b6 17.Bxe7 Qxe7 18.Qf3 Qb4+ 19.c3 Qxb2 
20.O-O Nxc3 21.Nxc3 Qxc3 22.Qxa8+ 1-0

[Event "ACL-E003"]
[Site "www.playchess.de"]
[Date "2001.03.29"]
[Round "7"]
[White "iq160"]
[Black "Mathemagician"]
[WhiteElo "1660"]
[BlackElo "1730"]
[PlyCount "40"]
[Result "0-1"]

1.e4 c5 2.Nf3 a6 3.a4 Nc6 4.Nc3 g6 5.Bc4 Bg7 6.d3 
Nf6 7.Nd2 O-O 8.Nf1 b6 9.Bf4 Bb7 10.Ne3 Nh5 11.Bg5 
h6 12.Bh4 Nf4 13.O-O Ne5 14.Ncd5 Nxd5 15.Bxd5 Nc6 
16.c3 Qc7 17.Nc4 b5 18.Bxc6 Bxc6 19.Ne3 d6 20.axb5 
axb5 0-1

[Event "HCL-M013"]
[Site "www.playchess.de"]
[Date "2001.03.29"]
[Round "18"]
[White "Goofy"]
[Black "bonin"]
[WhiteElo "2228"]
[BlackElo "2200"]
[PlyCount "59"]
[Result "1-0"]

1.d4 Nf6 2.c4 e6 3.Nc3 Bb4 4.e3 O-O 5.Nf3 c5 6.Bd3 
d5 7.O-O Nc6 8.a3 Bxc3 9.bxc3 dxc4 10.Bxc4 Qc7 
11.Bd3 e5 12.Qc2 Re8 13.Nxe5 Nxe5 14.dxe5 Qxe5 
15.f3 Bd7 16.a4 Rac8 17.Rd1 Red8 18.e4 c4 19.Bf1 
Qc5+ 20.Rd4 Be6 21.Be3 Qa5 22.Rad1 Rxd4 23.cxd4 c3 
24.d5 Bd7 25.Rd4 b5 26.Bxb5 Bxb5 27.axb5 Qxb5 
28.Rd1 Qb2 29.Rc1 Rc4 30.Rb1 {???} 
 1-0

[Event "HCL-C196"]
[Site "www.playchess.de"]
[Date "2001.03.29"]
[Round "21"]
[White "guerino"]
[Black "rayaryura"]
[WhiteElo "974"]
[BlackElo "1000"]
[PlyCount "29"]
[Result "1-0"]

1.e4 e5 2.Nf3 Nc6 3.Bb5 Nf6 4.O-O a6 5.Ba4 d5 
6.exd5 Nxd5 7.Nxe5 Be6 8.Bxc6+ bxc6 9.Nxc6 Qd6 
10.Nd4 Be7 11.d3 h6 12.h3 Bd7 13.Re1 O-O 14.b3 Qg6 
15.c4 1-0

[Event "HCL-A090"]
[Site "www.playchess.de"]
[Date "2001.03.29"]
[Round "4"]
[White "Matti"]
[Black "The_Chess"]
[WhiteElo "1629"]
[BlackElo "1700"]
[PlyCount "69"]
[Result "1/2-1/2"]

1.e4 d6 2.d4 Nf6 3.Nc3 g6 4.f4 Bg7 5.Bd3 O-O 6.Nf3 
c5 7.e5 Ne8 8.exd6 Nxd6 9.dxc5 Bxc3+ 10.bxc3 Nf5 
11.Ba3 Nc6 12.Bxf5 Bxf5 13.Nd4 Nxd4 14.Qxd4 Qc7 
15.O-O Rfd8 16.Qb4 b6 17.cxb6 Qxb6+ 18.Qxb6 axb6 
19.Bxe7 Rd2 20.Rfb1 Re8 21.Bf6 Ree2 22.Rxb6 Rexg2+ 
23.Kf1 Rgf2+ 24.Ke1 Rde2+ 25.Kd1 Bxc2+ 26.Kc1 Kf8 
27.c4 Rf1+ 28.Kb2 Bf5+ 29.Ka3 Rxa1 30.Bxa1 Rxh2 
31.Bf6 Ke8 32.Rb8+ Kd7 33.Rb7+ Kc6 34.Rxf7 h5 
35.Rf8 1/2-1/2

[Event "ACL-A107"]
[Site "www.playchess.de"]
[Date "2001.03.29"]
[Round "2"]
[White "DC"]
[Black "wernerGHF"]
[WhiteElo "1500"]
[BlackElo "1500"]
[PlyCount "64"]
[Result "0-1"]

1.Nc3 d5 2.d4 Nf6 3.Nf3 g6 4.e3 Bg7 5.Bb5+ c6 
6.Ba4 O-O 7.O-O Bg4 8.h3 Bxf3 9.Qxf3 Nbd7 10.g4 e5 
11.dxe5 Nxe5 12.Qg3 Nfd7 13.e4 Nc5 14.exd5 Nxa4 
15.Nxa4 Qxd5 16.Bf4 Nf3+ 17.Kg2 Nd2+ 18.Kg1 Nxf1 
19.Kxf1 Qc4+ 20.Qd3 Qxf4 21.Nc5 Rad8 22.Qe3 Qxe3 
23.fxe3 b6 24.Ne4 Rfe8 25.Nf2 Rxe3 26.c3 Rd2 
27.Re1 Rxe1+ 28.Kxe1 Rxb2 29.a4 Bxc3+ 30.Kf1 b5 
31.Nd3 bxa4 32.Nxb2 Bxb2 0-1

[Event "HCL-A086"]
[Site "www.playchess.de"]
[Date "2001.03.29"]
[Round "16"]
[White "SuperNova"]
[Black "peze"]
[WhiteElo "1700"]
[BlackElo "2005"]
[PlyCount "54"]
[Result "1/2-1/2"]

1.e4 {hello. good luck.}  e5 {Hello! Good luck for 
you too.}  2.Nc3 Nf6 3.g3 c6 4.Bg2 d6 5.Nge2 b5 
6.a3 Be7 7.d4 O-O 8.O-O Nbd7 9.h3 Bb7 10.f4 a5 
11.Be3 b4 12.axb4 axb4 13.dxe5 Rxa1 14.Qxa1 dxe5 
15.Nd1 c5 16.Nf2 c4 17.fxe5 Nxe5 18.Qa7 Qc7 19.Bb6 
Qc8 20.Nf4 Nc6 21.Qa4 Nd7 22.Be3 Rd8 23.Rd1 Nde5 
24.Nd5 Qe6 25.Qb5 Rb8 26.Bc5 Bxc5 27.Qxc5 
Qe8 1/2-1/2

[Event "ACL-A106"]
[Site "www.playchess.de"]
[Date "2001.03.29"]
[Round "19"]
[White "chessnut"]
[Black "tebesius"]
[WhiteElo "1701"]
[BlackElo "1500"]
[PlyCount "21"]
[Result "1-0"]

1.c4 e5 2.g3 Nc6 3.Bg2 Nf6 4.Nc3 Be7 5.e3 O-O 
6.Nge2 d6 7.d4 a6 8.d5 Na7 9.O-O b5 10.f4 Bg4 
11.cxb5 1-0

[Event "ACL-A110"]
[Site "www.playchess.de"]
[Date "2001.03.29"]
[Round "1"]
[White "Edik"]
[Black "Habi"]
[WhiteElo "1750"]
[BlackElo "1542"]
[PlyCount "40"]
[Result "1/2-1/2"]

1.e4 e6 2.d4 d5 3.Nd2 c5 4.exd5 exd5 5.Ngf3 Nc6 
6.Bb5 Bd6 7.dxc5 Bxc5 8.O-O Nge7 9.Ne5 O-O 10.Nxc6 
bxc6 11.Bd3 Bf5 12.Nf3 Bxd3 13.Qxd3 Ng6 14.Be3 
Bxe3 15.Qxe3 Re8 16.Qc5 Qb6 17.Qxb6 axb6 18.Rfe1 
Rxe1+ 19.Nxe1 Kf8 20.Nd3 Re8 1/2-1/2

[Event "HCL-A091"]
[Site "www.playchess.de"]
[Date "2001.03.29"]
[Round "8"]
[White "Gruhni"]
[Black "ming"]
[WhiteElo "1272"]
[BlackElo "1508"]
[PlyCount "25"]
[Result "1-0"]

1.e4 c5 2.Nf3 g6 3.c3 Bg7 4.d4 c4 5.Bxc4 Nf6 6.e5 
Ne4 7.Bd3 d5 {good to be back!}  8.exd6 {Yes!}  
Nxd6 9.O-O Bg4 10.h3 Bxf3 11.Qxf3 O-O 12.Bf4 Qb6 
13.b3 1-0

[Event "ACL-E003"]
[Site "www.playchess.de"]
[Date "2001.03.29"]
[Round "16"]
[White "Bill"]
[Black "Mathemagician"]
[WhiteElo "1722"]
[BlackElo "1730"]
[PlyCount "41"]
[Result "1-0"]

1.e4 c5 2.Nf3 a6 3.g3 d5 4.exd5 Qxd5 5.Nc3 Qe6+ 
6.Be2 {I'll be gone until Friday night.}  Nf6 
7.O-O b6 8.Re1 Qd6 9.Ne5 Bb7 10.Bf3 Nc6 11.d3 Nxe5 
12.Bxb7 Ra7 13.Bg2 Ng6 14.Bg5 h6 15.Bxf6 Qxf6 
16.Qg4 Rd7 17.Qc4 b5 18.Qxc5 e6 19.Qc8+ Qd8 
20.Qxa6 b4 21.Nb5 1-0

[Event "ACL-A110"]
[Site "www.playchess.de"]
[Date "2001.03.29"]
[Round "8"]
[White "Habi"]
[Black "flywheel"]
[WhiteElo "1542"]
[BlackElo "1500"]
[PlyCount "61"]
[Result "1-0"]

1.e4 e5 2.d4 Nf6 3.Nf3 exd4 4.Qxd4 Nc6 5.Qa4 Bb4+ 
6.Bd2 a5 7.Bxb4 Nxb4 8.Nc3 O-O 9.a3 Nc6 10.Bb5 d5 
11.O-O-O Bg4 12.Nxd5 Nxd5 13.Rxd5 Qf6 14.Bxc6 Qxc6 
15.Qxc6 bxc6 16.Rc5 Bxf3 17.gxf3 Ra6 18.Rd1 a4 
19.Rd7 Ra7 20.Rxc6 Rc8 21.e5 Rb7 22.Ra6 Rcb8 
23.Rxa4 R7xb2 24.Ra7 c5 25.Rdxf7 R2b1+ 26.Kd2 Rd8+ 
27.Kc3 Rg1 28.Kc4 Rf1 29.Rfxg7+ Kf8 30.Raf7+ Ke8 
31.e6 1-0

[Event "HCL-C203"]
[Site "www.playchess.de"]
[Date "2001.03.29"]
[Round "14"]
[White "donkey"]
[Black "milton"]
[WhiteElo "1210"]
[BlackElo "1000"]
[PlyCount "33"]
[Result "1-0"]

1.e4 e5 2.Nf3 d6 3.Bc4 Nh6 4.d3 Bg4 5.Bxh6 gxh6 
6.h3 Bxf3 7.Qxf3 Qd7 8.Nc3 Nc6 9.Nd5 Nd4 10.Nf6+ 
Ke7 11.Nxd7 Nxf3+ 12.gxf3 Kxd7 13.Bxf7 Be7 14.Bh5 
Rhg8 15.Ke2 Raf8 16.Rag1 Rg5 17.Bg4+ 1-0

[Event "HCL-B204"]
[Site "www.playchess.de"]
[Date "2001.03.29"]
[Round "5"]
[White "chucaniam"]
[Black "scd119"]
[WhiteElo "1500"]
[BlackElo "1500"]
[PlyCount "44"]
[Result "0-1"]

1.e4 e5 2.Nf3 Nc6 3.Bb5 a6 4.Ba4 Nf6 5.O-O Bc5 
6.Nxe5 Nxe5 7.d4 b5 8.Bb3 Bxd4 9.Qxd4 d6 10.f4 Nc6 
11.Qc3 Bb7 12.e5 Ne4 13.Qe3 Na5 14.Nd2 Nxb3 
15.axb3 Nxd2 16.exd6+ Ne4 17.dxc7 Qxc7 18.f5 Qxc2 
19.Qb6 Nc5 20.Rf2 Qd1+ 21.Rf1 Qd5 22.Re1+ 
Kf8 0-1

[Event "HCL-E033"]
[Site "www.playchess.de"]
[Date "2001.03.29"]
[Round "15"]
[White "KARFOPOULOS"]
[Black "peze2"]
[WhiteElo "2330"]
[BlackElo "2354"]
[PlyCount "37"]
[Result "1-0"]

1.e4 {good luck!!}  e5 {Hello again! Good luck! 
:-))}  2.Nf3 {I SEE THE WHITE COLOUR....???!!??!!} 
 Nf6 3.Nxe5 d6 4.Nxf7 {I PLAY THIS VARIATION IN 
THE HONOUR OF ALVIS VITOLINS, REST IN PIECE 
ALVIS.}  Kxf7 {Alvis Vitolinsh, *15.6.46 / IM, 
best ELO 2475 in 1981. Alvis is dead since when?}  
5.d4 {VITOLINS SUICIDED IN 1999, FELT FROM A 
BRIDGE.}  Bg4 {That's sad.}  6.f3 {YOUR LAST MOVE 
IS RARE,BUT FULLY PLAYABLE.}  Bh5 {5. ... Bg4 a 
trial. Usual is g6 or Be7 or c5. Maybe a surprise 
for opponent?}  7.Nc3 Be7 8.Bc4+ {I found a corr. 
game with Bg4,but at f3 black replied Be6.}  Ke8 
{I hope, that my idea was right.}  9.Be3 c6 10.g4 
Bg6 {Show the game Krupkova (2325) v/s Zhu Chen 
(2420) Wch U20 Girls 1996  6.... Bh5 7.Bc4+ d5 
8.exd Nxd}  11.g5 {I MUST UPDATE MY DATABASE.}  
Nfd7 12.Qd2 b5 13.Bb3 Rf8 14.Rf1 a5 15.a4 b4 
16.Ne2 Bf7 17.O-O-O Bxb3 18.cxb3 Na6 
19.Nf4 1-0

[Event "HCL-C199"]
[Site "www.playchess.de"]
[Date "2001.03.29"]
[Round "11"]
[White "jackwolf"]
[Black "humberto1978"]
[WhiteElo "1000"]
[BlackElo "1000"]
[PlyCount "30"]
[Result "0-1"]

1.e4 Nf6 2.d3 e5 3.Bf4 exf4 4.g3 fxg3 5.fxg3 d6 
6.Nf3 Be7 7.Nc3 d5 8.Nxd5 Nxd5 9.exd5 Qxd5 10.c4 
Bb4+ 11.Nd2 Qxh1 12.Qf3 Qxf3 13.Be2 Qe3 14.a3 Bg4 
15.Kd1 Qxd2+ 0-1

[Event "HCL-C211"]
[Site "www.playchess.de"]
[Date "2001.03.29"]
[Round "17"]
[White "craigsadler"]
[Black "pgschumy"]
[WhiteElo "693"]
[BlackElo "1051"]
[PlyCount "64"]
[Result "0-1"]

1.e4 c5 {hi!}  2.Nf3 {hello how are you?}  Nc6 
{fine!}  3.d4 cxd4 4.Nxd4 Nf6 5.Nc3 a6 6.Bc4 g6 
7.O-O Bg7 8.Bg5 d6 9.f4 O-O 10.f5 Ne5 11.Bxf6 Nxc4 
12.Bxg7 Kxg7 13.fxg6 hxg6 14.b3 Ne3 15.Qf3 Nxf1 
16.Rxf1 e5 17.Nde2 Qg5 18.Nd5 Bg4 19.Qg3 f6 
20.Nec3 Bd7 21.Qxg5 fxg5 22.Rxf8 Rxf8 23.h3 Bc6 
24.Nc7 Rh8 25.Ne6+ Kf6 26.Nc7 Rh4 27.Kf2 g4 
28.hxg4 Rxg4 29.Kf3 Rh4 30.g3 Rh1 31.Ke3 Rc1 
32.Kd2 Rg1 0-1

[Event "ACL-A114"]
[Site "www.playchess.de"]
[Date "2001.03.29"]
[Round "7"]
[White "Avulcan"]
[Black "Yogibear"]
[WhiteElo "1500"]
[BlackElo "1819"]
[PlyCount "61"]
[Result "1-0"]

1.e4 {Hi!}  c6 {hello-have a nicegame! Good luck! 
Jürgen}  2.d4 d5 3.exd5 cxd5 4.c4 Nf6 5.Nc3 e6 
6.Nf3 Nc6 7.cxd5 Nxd5 8.Bd3 Be7 9.O-O O-O 10.Re1 
Bf6 11.Be4 a6 12.a3 h6 13.Bc2 Re8 14.Qd3 Kf8 
15.Ne4 b6 16.Nxf6 Nxf6 17.Bf4 Bb7 18.Rad1 Rc8 
19.Bb1 Ne7 20.Ne5 b5 21.Qh3 Nc6 22.Bxh6 gxh6 
23.Qxh6+ Ke7 24.Nxf7 Kxf7 25.d5 Rg8 26.dxc6 Bxc6 
27.Rxd8 Rxg2+ 28.Kf1 Rxd8 29.Qe3 Bd5 30.Ba2 Rxh2 
31.Bxd5 1-0

[Event "HCL-B218"]
[Site "www.playchess.de"]
[Date "2001.03.29"]
[Round "7"]
[White "gandalf"]
[Black "Translightor"]
[WhiteElo "1200"]
[BlackElo "1469"]
[PlyCount "70"]
[Result "0-1"]

1.d4 d5 {Good Luck!}  2.c4 e6 3.Nc3 Nf6 4.a3 Be7 
5.Bf4 O-O 6.Nf3 c5 7.e3 Nc6 8.Bd3 dxc4 9.Bxc4 cxd4 
10.Nxd4 Nxd4 11.exd4 a6 12.O-O b5 13.Bd3 Bb7 
14.Re1 Kh8 15.Bc2 Nd5 16.Qd3 g6 17.Bh6 Re8 18.Ne4 
Bf8 19.Bg5 Be7 20.Nc5 Bxg5 21.Nxb7 Qb6 22.Nc5 Bf6 
23.Nd7 Qd8 24.Ne5 Qe7 25.Bb3 Bxe5 26.Rxe5 Rad8 
27.g3 Qf6 28.a4 Nb6 29.axb5 Qxe5 30.Rxa6 Rxd4 
31.Qf3 Qc5 32.Qxf7 Rf8 33.Qxe6 Rd1+ 34.Bxd1 Qxf2+ 
35.Kh1 Qf1+ 0-1

[Event "HCL-B220"]
[Site "www.playchess.de"]
[Date "2001.03.29"]
[Round "2"]
[White "sloba55"]
[Black "sundfar"]
[WhiteElo "1400"]
[BlackElo "1414"]
[PlyCount "61"]
[Result "1-0"]

1.Nf3 Nc6 2.b3 e5 3.d3 d5 4.Bb2 Bd6 5.Nbd2 Nf6 
6.e4 Be6 7.exd5 Bxd5 8.Be2 O-O 9.O-O h6 10.c4 Be6 
11.Qc2 Nb4 12.Qb1 c5 13.Nxe5 Qc7 14.f4 Nd7 15.Ndf3 
Bxe5 16.Nxe5 Rfe8 17.a3 Nc6 18.Nxc6 Qxc6 19.Bf3 
Qc8 20.Be4 f5 21.Bf3 Nf8 22.Qc2 Bf7 23.d4 Rb8 
24.d5 Ng6 25.Qc3 Kf8 26.Qxg7+ Ke7 27.Rae1+ Kd6 
28.Qf6+ Kc7 29.d6+ Kd7 30.Qxf7+ Kxd6 
31.Red1+ 1-0

[Event "HCL-A098"]
[Site "www.playchess.de"]
[Date "2001.03.29"]
[Round "34"]
[White "Good_Chess"]
[Black "cyberale"]
[WhiteElo "1700"]
[BlackElo "1700"]
[PlyCount "25"]
[Result "1-0"]

1.e4 e5 2.f4 f5 3.exf5 exf4 4.Qh5+ g6 {after some 
problems... let's continue!!}  5.fxg6 Nf6 6.g7+ 
Nxh5 7.gxh8Q {%}  h6 8.Be2 Nc6 9.Bxh5+ Ke7 10.d4 
d5 11.Qh7+ Kd6 12.Bxf4+ Ke6 13.Qf7+ 1-0

[Event "HCL-B222"]
[Site "www.playchess.de"]
[Date "2001.03.29"]
[Round "2"]
[White "Redbaron"]
[Black "Iron_Flower"]
[WhiteElo "1407"]
[BlackElo "1401"]
[PlyCount "39"]
[Result "1-0"]

1.e4 d5 {Hi, from Leeuwarden, the Netherlands}  
2.exd5 {Hello from Texas in the United States.  
Pleasure to meet you!}  Qxd5 3.Nc3 Qa5 4.d4 c6 
5.Bd2 Qc7 6.Nf3 Bg4 7.Bc4 e6 8.h3 Bh5 9.g4 Bg6 
10.Ne5 Ne7 11.Bf4 Qd8 {I hate these moves... :-))} 
 12.Qe2 {I heard that! :)}  Nd7 {I'm sorry}  
13.O-O-O Nd5 14.Nxd5 {Oh me!}  cxd5 {?}  15.Bxd5 
Nxe5 {I think I have a little problem here}  
16.Bxe5 {Maybe, I'm not sure.}  f6 17.Bxe6 fxe5 
18.Qb5+ Ke7 {I think I have a BIG problem here}  
19.dxe5 Qc7 20.Rd7+ 1-0

[Event "ACL-A118"]
[Site "www.playchess.de"]
[Date "2001.03.29"]
[Round "5"]
[White "chessnut"]
[Black "foxzy"]
[WhiteElo "1951"]
[BlackElo "1211"]
[PlyCount "39"]
[Result "1-0"]

1.d4 d5 2.e4 dxe4 3.Nc3 Nf6 4.f3 exf3 5.Nxf3 e6 
6.Bg5 Bb4 7.Bd3 h6 8.Bxf6 Qxf6 9.O-O Qe7 10.Ne4 
Bd7 11.Ne5 Nc6 12.Rxf7 Qxf7 13.Nxf7 Kxf7 14.Qg4 
Nxd4 15.c3 Bxc3 16.bxc3 Nf5 17.Qf4 Rhc8 18.Nc5 g5 
19.Qe5 Bc6 20.Qxe6+ 1-0